Normal view
MARC view
- Krahn, Fernando,
Entry Nombre Personal
001 - NUMERO DE CONTROL
- campo de control: 33111
003 - IDENTIFICADOR DE NUMERO DE CONTROL
- campo de control: UPN
005 - FECHA Y HORA DE LA ÜLTIMA TRANSACCIÓN
- campo de control: 20210219194439.0
008 - DATOS DE LONGITUD FIJA
- campo de control de longitud fija: nabaccnnaabn|||||||||| b |nc|||||d
035 ## - NUMERO DE CONTROL
- Número de control: UPN11000005218
040 ## - FUENTE DE CATALOGACIÓN
- Lenguaje de catalogación: SPA
- Agencia de transcripción: UPN
053 #4 - NÚMERO DE CLASIFICACIÓN LC
- Número de clasificación elemento-número único o número inicial de tramo: PQ8098.21 R3.3
100 1# - ENCABEZAMIENTO - NOMBRE PERSONAL
- Nombre personal: Krahn, Fernando,
- Fechas asociadas con el nombre: 1935-2010
670 ## - FUENTE EN LA QUE SE LOCALIZARON DATOS
- Cita de la fuente: LC
680 ## - NOTA PUBLICA DE ACCESO PÚBLICO
- Frase explicativa de la referencia: Dibujante y artista gráfico chileno
902 ## - CATALOGADOR
- Catalogador: MITM/060213
